Pamiatková obnova a adaptácia ruiny Františkovej huty v Podbiely

Guardado en:
Detalles Bibliográficos
Autor principal: Šoóki Wesserlová, Monika (Autor)
Otros Autores: Pauliny, Pavol (Orientador)
Formato: Manuscrito Libro
Lenguaje:eslovaco
Publicado: 2024
Materias:
Acceso en línea:http://is.stuba.sk/zp/portal_zp.pl?podrobnosti=178913
Etiquetas: Agregar Etiqueta
Sin Etiquetas, Sea el primero en etiquetar este registro!

MARC

LEADER 00000ntm a22000003a 4500
001 stuzp98835
003 SK-STU
005 20240608212613.3
007 ta
008 150427s2015----xo-----f-mn---000-0-slo-d
040 |a STU  |b slo 
041 0 |a slo 
100 1 |a Šoóki Wesserlová, Monika  |u 053130  |4 aut  |U FAD Fakulta architektúry a dizajnu  |T FAD Ústav dejín a teórie architektúry a obnovy pamiatok  |X 99277  |U A3130  |Y 394  |7 99277 
242 0 1 |a Monument restoration and adaptation of the ruins of "Františková huta" in Podbiely  |y eng 
245 1 0 |a Pamiatková obnova a adaptácia ruiny Františkovej huty v Podbiely 
260 |c 2024 
650 4 |a Františkova huta  |2 slo 
650 4 |a historická výroba železa  |2 slo 
650 4 |a dažďová záhrada  |2 slo 
650 4 |a ruina  |2 slo 
650 4 |a konzervácia  |2 slo 
650 4 |a kontextuálny novotvar  |2 slo 
650 4 |a adaptácia  |2 slo 
650 4 |a Františkova smelter  |2 eng 
650 4 |a historical iron production  |2 eng 
650 4 |a rain garden  |2 eng 
650 4 |a conservation  |2 eng 
650 4 |a contextual neoplasm  |2 eng 
650 4 |a ruin  |2 eng 
650 4 |a adaptation  |2 eng 
700 1 |a Pauliny, Pavol  |u 053130  |k Z1  |4 ths  |U FAD Fakulta architektúry a dizajnu  |T FAD Ústav dejín a teórie architektúry a obnovy pamiatok  |X 474  |U A3130  |Y 394  |7 474 
856 4 |u http://is.stuba.sk/zp/portal_zp.pl?podrobnosti=178913